| 000 | 00876nas a2200289 4500 | ||
|---|---|---|---|
| 001 | BR2017002803 | ||
| 003 | BR-BrBNA | ||
| 005 | 20231205131109.0 | ||
| 007 | ta | ||
| 008 | 230509b bl.|||p| |||| 00| 00por d | ||
| 040 |
_aBR-BrBNA _bpor _cBiblioteca Nacional de Agricultura |
||
| 041 | _a(Pt) | ||
| 072 | _aE80 | ||
| 100 | 1 | _aLago, A. | |
| 100 | 1 | _aLengler, L. | |
| 100 | 1 | _aCoronel, D.A. | |
| 100 | 1 | _aSilva, T.N. | |
| 245 | 1 | _aAgricultura familiar de produtos orgânicos: um olhar sob a ótica do marketing | |
| 650 | _aAGRICULTURA FAMILIAR | ||
| 650 | _aPRODUÇÃO ORGÂNICA | ||
| 650 | _aEXTENSÃO RURAL | ||
| 650 | _aCOMERCIALIZAÇÃO | ||
| 650 | _aCONSUMIDOR | ||
| 773 | 0 |
_tExtensão Rural. Revista do Deaer (Brazil) _xISSN 1415-7802 _g(Jan-Dec 2006), v. 13 p. 96-119 _wBR2017002803 |
|
| 909 |
_a202311 _bLúcia _c55 _dLúcia Elande |
||
| 942 |
_2AGRIS _n0 _cANA |
||
| 999 |
_c253012 _d253012 |
||